01806nam a2200325Ia 4500952009900000952009900099952011100198952011700309999001700426008004100443020001800484050002400502100003700526240005500563245011500618250001900733260003500752300003600787500006200823505020500885519004401090519004401134519004401178519009801222650003801320650002501358700003501383700005001418942001201468 00104070a04b04d2008-07-29l0oHG4026 E4718 2007p04 001655r2013-05-22t1w2012-06-24yLB 00104070a04b04d2010-01-27l0oHG4026 E4718 2007p04 002650r2013-05-22t2w2012-06-24yLB 00104070a04b04d2010-01-27l1oHG4026 E4718 2007p04 002651r2021-12-07s2014-05-05t3w2012-06-24yLB 00102lcc4070a12b12d2018-08-11l2oHG4026 E4718 2007p24 000724r2023-01-31s2020-01-31t1w2018-08-11yLB c62175d62175120625s2007 mx 001 0 spa d a9789706865946 4aHG4026 bE4718 20071 aEhrhardt, Michael C. e , autor 10aCorporate Finance. A Focused Approach lEspañol 10aFinanzas corporativas c / Michael C. Ehrhardt, Eugene F. Brigham ; traducción José C. Pecina Hernández  a2a. edición  aMéxicob : Thomson c , 2007 axix, 650 páginas c ; 27 cm.  aTítulo original: Corporate Finance. A Focused Approach 0 aConceptos fundamentales de finanzas corporativas Los valores y su valuación Los proyectos y su valuación Valuación corporativa Decisiones estratégicas del financiamiento Temas especiales  aMaterial Complementario / d(04 001655) aMaterial Complementario / d(04 002650) aMaterial Complementario / d(04 002651) aPlan Flexible / bContador Público IPN / cFinanzas Corporativas (N3-VI-3) / d(24 000724) 4aSOCIEDADES ANÓNIMAS xFINANZAS  4aEMPRESAS xFINANZAS 1 aBrigham, Eugene F. e , autor 1 aPecina Hernández, José C. e , traductor  cLB2lcc